000 00409nam a2200169Ia 4500
001 23341
005 20260414150930.0
008 260414t2012||||xx |||||||||||||| ||spa||
041 _aESP
082 _a629.8312
_bV19
100 _aValdivia Miranda, Carlos
_eAUT
245 0 _aSistemas de control continuos y discretos
_b
260 _c2012
650 _aCNM
654 _aCCN
942 _cLIB
_dJUS
_fJUS
_2ddc
_n
999 _c23341
_d23341